Lithuanian Linguistic Nationalism and the Cult of Antiquity
| Titel: | Lithuanian Linguistic Nationalism and the Cult of Antiquity |
|---|---|
| Verfasser: | |
| In: |
Nations and nationalism, Band 5, Heft 4 (1999), Seite 485-500 alle Artikel anzeigen |
| Veröffentlicht: | 1999 |
| Format: | Aufsatz |
| Sprache: | Englisch |
X
alg: 39238878 001A $01999:11-11-16 001B $01999:10-07-24 $t22:32:33.000 001C $06050:19-11-16 $t15:06:47.000 001D $01999:11-11-16 001U $0utf8 001X $00 002@ $0Oox 003@ $0392388782 007A $0392388782 $aHEB 007T $0Herdc0006484v 009Q $uhttps://doi.org/10.1111/j.1354-5078.1999.00485.x $xVolltext 010@ $aeng 011@ $a1999 021A $aLithuanian Linguistic Nationalism and the Cult of Antiquity 028A $aSpires $dScott 031A $d5 $e4 $h485-500 $j1999 039B $aIn $8--Obvc--. Nations and nationalism. - Oxford : Wiley-Blackwell, 1995-. - Online-Ressource. - ISSN 1469-8129. - DOI 10.1111/(ISSN)1469-8129 $x199900000050004515 $9084522844 lok: 39238878 78 exp: 39238878 78 1 #EPN 201B/01 $019-04-17 $t11:13:38.000 201U/01 $0utf8 203@/01 $0788486497 208@/01 $a11-11-16 $be 209A/01 $a/ $f000 $x00 220C/01 $aHerkunft: LII Vilnius / Irena Tumelytė 220C/01 $aAnmerkung: *NG 244Z/01 $2Trx $#Litauen $#Lithuania $#Litwa $#Litva $#Litva $8--Trx--Lietuva $x01 $9391193457 244Z/01 $2Trx $#keel, leedu $#kalba, lietuvių $#Language, Lithuanian $#nyelv, litván $#język litewski $#jazyk litovský $#jazyk litevský $8--Trx--Sprache, litauische $x02 $9391368664 244Z/01 $2Trx $#natsionalism $#nacionalizmas $#nationalism $#nacionalizmus $#nacjonalizm $#nacionalizmus $#nacionalismus $8--Trx--Nationalismus $x03 $9391370146 244Z/01 $2Trx $8--Trx--Zeitschriftenaufsatz $x04 $9391384341 245Z/01 $a09.12;11.01 $x01 247C/01 $82080>Marburg/Lahn, Herder-Institut, Forschungsbibliothek, Bibliographieportal $9336309341
| LEADER | 00000caa a22000002c 4500 | ||
|---|---|---|---|
| 001 | 392388782 | ||
| 003 | DE-603 | ||
| 005 | 20240710223233.0 | ||
| 007 | cr|||||||||||| | ||
| 008 | 161111s1999 xx |||| o| u00||u|eng c | ||
| 035 | |a (DE-599)HEB392388782 | ||
| 040 | |a DE-603 |b ger |c DE-603 |d DE-603 | ||
| 041 | |a eng | ||
| 100 | 1 | |a Spires, Scott | |
| 245 | 0 | 0 | |a Lithuanian Linguistic Nationalism and the Cult of Antiquity |
| 264 | 0 | |c 1999 | |
| 773 | 0 | 8 | |i In |t Nations and nationalism |d Oxford : Wiley-Blackwell, 1995- |h Online-Ressource |o 10.1111/(ISSN)1469-8129 |x 1469-8129 |g Band 5, Heft 4 (1999), Seite 485-500 |w (DE-603)084522844 |w (DE-600)1500007-2 |
| 856 | |u https://doi.org/10.1111/j.1354-5078.1999.00485.x | ||
| 924 | 1 | |9 2080 |a (DE-603)788486497 |b DE-2080 |c HES |d d |g / | |


